000 01425nam a2200313 i 4500
001 000021869
003 DO-SdBNP
005 20240528092412.0
007 ta
008 100914t2001 dr abcd r 001 0dspa d
020 _a9993432148
040 _aDO-SdBNP
_bspa
_cBNPHU
_erda
082 4 _a972.93053
_bA473e
_222
100 1 _aÁlvarez López, Luis,
_944998
_eautor
245 1 3 _aEl Estado y la sociedad durante la dictadura de Trujillo /
_cLuis Álvarez López.
264 _aSanto Domingo :
_bCole,
_c2001.
300 _a128 páginas :
_bilustraciones, gráficos, mapas, retratos ;
_c22 cm.
336 _2rdacontent
_atexto
_btxt
337 _2rdamedia
_asin mediación
_bn
338 _2rdacarrier
_avolumen
_bnc
500 _aIncluye referencias bibliográficas y notas al pie de las páginas y al final de capítulos.
504 _aBibliografías : p. 101-107.
505 0 _aPrefacio --
_tEl Estado y el ejercicio de la dominación política --
_tEl crecimiento económico y la industrialización --
_tLa oposición política y las transformaciones sociales --
_tBibliografía --
_tComentarios bibliográficos --
_tApéndices.
590 _aInventariado, 2024/BT
651 4 _aRepública Dominicana
_xCondiciones sociales
_yEra de Trujillo, 1930-1961
_945400
651 4 _aRepública Dominicana
_xPolítica y gobierno
_yEra de Trujillo, 1930-1961
_91374
910 _aValidado. Control de calidad. EMS
942 _2ddc
_cLBS1
999 _c21367
_d21367